|
|
|
|
| LEADER |
00000nas a2200000 i 4500 |
| 001 |
ssj0001077960 |
| 003 |
WaSeSS |
| 005 |
20200512172242.0 |
| 006 |
m d |
| 007 |
cr n |
| 008 |
140106c20uu9999xv t| p|s|||||| |0slv d |
| 022 |
|
|
|a 1581-6044
|l 1581-6036
|
| 035 |
|
|
|a (WaSeSS)ssj0001077960
|
| 040 |
|
|
|a WaSeSS
|b eng
|c WaSeSS
|d WaSeSS
|
| 041 |
|
|
|a slv
|a eng
|
| 050 |
1 |
4 |
|a L11
|
| 222 |
|
0 |
|a Šolsko polje
|b (Online)
|
| 245 |
0 |
0 |
|a Solsko polje
|h [electronic resource].
|
| 260 |
|
|
|a Ljubljana, Slovenia :
|b Slovensko Drustvo Raziskovalcev Solskega Polja
|
| 310 |
|
|
|a Three times a year
|
| 506 |
|
|
|a License restrictions may limit access.
|
| 546 |
|
|
|a In Slovenian and English.
|
| 588 |
|
|
|a Description based on: Volume 23 (1/2) (2012); title from title screen (ProQuest, viewed Jan. 6, 2014).
|
| 588 |
|
|
|a Latest issue consulted: Volume 24 (1/2) (2013) (viewed Jan. 6, 2014).
|
| 650 |
|
0 |
|a Education
|v Periodicals.
|
| 655 |
|
0 |
|a Electronic journals.
|
| 776 |
0 |
8 |
|i Print version:
|t Solsko polje
|x 1581-6036
|
| 780 |
1 |
0 |
|t School field
|x 0353-6807
|
| 856 |
4 |
0 |
|z Full text available from Research Library: 01/01/2012 to present
|u https://search.proquest.com/publication/1376343
|